New oxford illustrated dictionary (Record no. 17434)

MARC details
000 -LEADER
fixed length control field 00369nam a2200133Ia 4500
082 ## - DEWEY DECIMAL CLASSIFICATION NUMBER
Classification number RR 423 NEW-
245 #0 - TITLE STATEMENT
Title New oxford illustrated dictionary
260 ## - PUBLICATION, DISTRIBUTION, ETC. (IMPRINT)
Place of publication Walton
Name of publisher Oxford University Press
Year of publication 1980
300 ## - PHYSICAL DESCRIPTION
Number of Pages 2v.
500 ## - GENERAL NOTE
General note Contents: Vol.1.(xvi, 960p.) - v.2.(viii, 961-1920p.)
504 ## - BIBLIOGRAPHY, ETC. NOTE
Bibliography, etc ref
650 ## - SUBJECT ADDED ENTRY--TOPICAL TERM
Topical Term English language - Dictionaries
942 ## - ADDED ENTRY ELEMENTS (KOHA)
Koha item type Books
Source of classification or shelving scheme Dewey Decimal Classification
Holdings
Withdrawn status Lost status Damaged status Not for loan Home library Current library Date acquired Bill Date Full call number Accession Number Price effective from Koha item type
        NASSDOC Library NASSDOC Library 08/06/2004 2004-10-22 RR 423 NEW- 16237 18/04/2019 Books
        NASSDOC Library NASSDOC Library 08/06/2004 2004-10-22 RR 423 NEW- 16238 18/04/2019 Books